000 00558nam a22001697a 4500
008 140825b xxu||||| |||| 00| 0 eng d
020 _a0406095825
050 _aKD275.4.L39(1974)
245 _aThe Law Reports(1974): House of Lords and Judicial Committee of the Privy Council and Peerage Cases. /
_cedited by R.H. Graveson, C.J. Ellis and A.H. Bray
260 _aLondon:
_bI.C.L.R.,
_c1974.
300 _avi, 914p.
_c24cm.
440 _pAppeal cases,.1974
700 _aGraveson, R.H.
700 _aEllis, C.J.
700 _aBray, A.H.
942 _2lcc
_cBK
999 _c3716
_d11216